Cincuenta años de sociología política Uruguay y América Latina : antología esencial /

Bibliographic Details
Main Author: Sierra, Gerónimo de (Author)
Corporate Author: JSTOR (Organization)
Other Authors: Riella, Alberto (author of prologue.)
Format: eBook
Language:Spanish
Published: Ciudad de Buenos Aires : CLACSO, 2017.
Edition:Primera edición.
Series:Antologías del pensamiento social latinoamericano y caribeño.
Subjects:
Online Access:Connect to the full text of this electronic book

MARC

Tag First Indicator Second Indicator Subfields
LEADER 00000cam a2200000 i 4500
001 in00004635192
006 m o d
007 cr cn|---uuuuu
008 180303s2017 ag ob 000 0 spa d
005 20230103223417.8
035 |a (OCoLC)on1027140031 
040 |a EBLCP  |b eng  |e rda  |e pn  |c EBLCP  |d FUG  |d OCLCF  |d OCLCA  |d OCLCQ  |d OCLCA  |d JSTOR  |d OCLCQ  |d OCLCO 
020 |a 9789877222630  |q (electronic bk.) 
020 |a 9877222639  |q (electronic bk.) 
020 |z 9789877222630 
020 |z 9877222639 
035 |a (OCoLC)1027140031 
037 |a 22573/ctv252t1fm  |b JSTOR 
043 |a s-uy---  |a cl----- 
050 4 |a JL3631  |b .S54 2017 
082 0 4 |a 306.209895  |2 23 
049 |a TXAM 
100 1 |a Sierra, Gerónimo de,  |e author. 
245 1 0 |a Cincuenta años de sociología política Uruguay y América Latina :  |b antología esencial /  |c Gerónimo de Sierra ; prólogo de Alberto Riella. 
250 |a Primera edición. 
264 1 |a Ciudad de Buenos Aires :  |b CLACSO,  |c 2017. 
300 |a 1 online resource (866 pages) 
336 |a text  |b txt  |2 rdacontent 
337 |a computer  |b c  |2 rdamedia 
338 |a online resource  |b cr  |2 rdacarrier 
490 1 |a Colección Antologías del pensamiento social latinoamericano y caribeño 
588 0 |a Print version record. 
504 |a Includes bibliographical references. 
505 0 |a El Uruguay batllista y su crisis -- Ascenso y consolidación de la dictadura cívico-militar -- La transición democrática: política y Estado -- Los procesos electorales y su contexto socioeconómico -- América Latina: países y procesos -- Integración regional -- Las ciencias sociales en Uruguay y América Latina. 
651 0 |a Uruguay  |x Politics and government  |x Philosophy. 
651 0 |a Latin America  |x Politics and government  |x Philosophy. 
650 0 |a Political science  |z Uruguay  |x Philosophy. 
650 0 |a Political science  |z Latin America  |x Philosophy. 
651 6 |a Uruguay  |x Politique et gouvernement  |x Philosophie. 
651 6 |a Amérique latine  |x Politique et gouvernement  |x Philosophie. 
650 7 |a Political science  |x Philosophy.  |2 fast  |0 (OCoLC)fst01069819 
650 7 |a Politics and government.  |2 fast  |0 (OCoLC)fst01919741 
651 7 |a Latin America.  |2 fast  |0 (OCoLC)fst01245945 
651 7 |a Uruguay.  |2 fast  |0 (OCoLC)fst01202667 
655 7 |a Electronic books.  |2 local 
700 1 |a Riella, Alberto,  |e author of prologue. 
710 2 |a JSTOR (Organization) 
776 0 8 |i Print version:  |a Sierra, Gerónimo de.  |t Cincuenta años de sociología política.  |d Buenos Aires : CLACSO, ©2017 
830 0 |a Antologías del pensamiento social latinoamericano y caribeño. 
856 4 0 |u https://www.jstor.org/stable/10.2307/j.ctv253f4km  |z Connect to the full text of this electronic book  |t 0 
955 |a JSTOR Open Access ebooks 
994 |a 92  |b TXA 
999 f f |s 9a1c8657-89dc-40bf-8664-a8bbbe265905  |i 6299747f-c672-48dc-920e-89e0d83f129e  |t 0 
952 f f |a Texas A&M University  |b College Station  |c Electronic Resources  |d Available Online  |t 0  |e JL3631 .S54 2017  |h Library of Congress classification 
998 f f |a JL3631 .S54 2017  |t 0  |l Available Online